000 00858nam a22002417a 4500
005 20250123142453.0
008 250121b |||||||| |||| 00| 0 eng d
020 _a978-1-107-03603-1 (hbk)
037 _cTB
040 _aCRL
_cCRL
041 _2eng
_aeng
084 _aS:1:4 Q5
_qCRL
245 _aFree will and the brain:
_bNeuroscientific, philosophical, and legal perspectives
260 _aCambridge, UK:
_bCambridge University Press,
_c2015
300 _ax,297p.
650 _aFree will and determinism
_9464902
650 _aBrain Research
_9734787
653 _aFree will and determinism
653 _aBrain Research
700 _aGlannon, Walter (Editor)
_9734781
942 _2CC
_cTB
_hS:1:4 Q5
_n0
999 _c1238230
_d1238230